000 00463nam a2200193Ia 4500
005 20240823013830.0
008 240823s9999||||xx |||||||||||||| ||und||
020 _a81-259-1532-X
041 _aENGLISH
082 _A658.8342 P4
100 _aRaju M S et al.
245 0 _aConsumer Behaviour
250 _a1st
260 _c2004
_b"Vikas Pub.,New "
_aNew Delhi
500 _aYES
650 _aConsumer
_bManagement Studies
942 _cBK
999 _c168353
_d168353